A pszichopátiás személyiségzavarok felismerése és büntetőjogi megítélése

Bibliográfiai részletek
Szerző: Hanyi-Kiss Virág
További közreműködők: Orosházi Józsefné (Témavezető)
Dokumentumtípus: Diplomamunka
Megjelent: 2014
Online Access:https://diplomamunka.ppke.hu/6885

MARC

LEADER 00000nta a2200000 i 4500
001 dipl6885
005 20240119174213.0
008 240119s2014 hu om 000 hun d
040 |a PPKE Diplomamunka Repozitórium  |b hun 
041 |a hun 
100 1 |a  Hanyi-Kiss Virág 
245 1 2 |a A pszichopátiás személyiségzavarok felismerése és büntetőjogi megítélése  |c  Hanyi-Kiss Virág  |h [elektronikus dokumentum] 
260 |c 2014 
300 |a 44 
700 1 |a  Orosházi Józsefné  |e ths 
856 4 0 |u https://diplomamunka.ppke.hu/id/eprint/6885/1/D1764.pdf  |z Dokumentum-elérés